|
|
|
|
| LEADER |
00000cam a2200000 7i4500 |
| 001 |
0000003095 |
| 005 |
20040521.0 |
| 090 |
0 |
0 |
|a RP634.909595
|b LAN 1956
|
| 100 |
1 |
0 |
|a LANDON
|h F.H.
|
| 245 |
1 |
0 |
|a Forestry and forest research in the Federation of Malaya :
|b a problem analysis
|c by F. H. Landon and G. G. K. Setten
|
| 260 |
0 |
0 |
|a Kuala Lumpur :
|b Forest Department ,
|c 1956
|
| 300 |
|
|
|a 19 p. ;
|c 35 cm.
|
| 440 |
0 |
0 |
|a Research pamphlet ; no. 19
|
| 650 |
0 |
0 |
|a Forests and forestry
|x Research
|z Malaya
|
| 700 |
0 |
1 |
|a Setten
|h G. G. K.
|
| 710 |
1 |
1 |
|a Institut Penyelidikan Perhutanan Malaysia (FRIM)
|
| 998 |
|
|
|a JPSM
|
| 999 |
|
|
|a 0000005468
|b Monograph
|c Open Shelf
|e Default branch
|
| 999 |
|
|
|a 0000005469
|b Monograph
|c Open Shelf
|e Default branch
|